Statistics for Chelsea Players 2015-16

Click here to take the quiz!

General Stats

  • This quiz has been taken 70 times
    (46 since last reset)
  • The average score is 16 of 30

Answer Stats

HintAnswer% Correct
10Eden Hazard
97%
26John Terry
92%
19Diego Costa
89%
24Gary Cahill
89%
13Thibaut Courtois
89%
4Cesc Fabregas
87%
28Cesar Azpilicueta
87%
22Willian
84%
21Nemanja Matic
82%
5Kurt Zouma
79%
8Oscar
79%
2Branislav Ivanovic
76%
17Pedro
71%
1Asmir Begovic
68%
12John Obi Mikel
66%
18Loic Remy
58%
36Ruben Loftus-Cheek
55%
9Radamel Falcao
47%
6Baba Rahman
42%
14Bertrand Traore
39%
16Kenedy
37%
11Alexandre Pato
34%
20Matt Miazga
18%
39Kasey Palmer
16%
37Jake Clarke-Salter
13%
32Marco Amelia
8%
33Mitchell Beeney
5%
34Ola Aina
5%
40Bradley Collins
3%
41Charlie Colkett
3%

Score Distribution

Percentile by Number Answered

Percent of People with Each Score

Your Score History

You have not taken this quiz since the last reset